| 000 | 00766nam a22002297a 4500 | ||
|---|---|---|---|
| 005 | 2009082509429.0 | ||
| 008 | 090204t xxu||||| |||| 00| 0 eng d | ||
| 010 | _aENG-94883 | ||
| 020 | _c60.00 | ||
| 035 | _aEN-78416 | ||
| 037 | _bDBAD / PUB | ||
| 040 |
_adpl _bEnglish |
||
| 082 | _a530 | ||
| 100 | _aMangalam, S.P. | ||
| 245 |
_aAllied physics / _cby S.P. Mangalam |
||
| 260 |
_aMadurai _bRadha Publication _c2008 |
||
| 270 |
_a4/167, Mullai Street, Kurinji Nagar, Reserve Line Post, _bMadurai _e625014 |
||
| 300 |
_a123p. _c21cm(pbk) |
||
| 650 | _aPhysics. | ||
| 942 |
_2ddc _cEN _mMAN _h530 |
||
| 999 |
_c29587 _d29587 |
||